Statistiche per Canzoni dal Testo

Clicka qui per fare il quiz!

Statistiche generali

  • Questo quiz è stato fatto 62 volte
  • Il punteggio medio è 11 su 23

Statistiche sulle risposte

HintRisposta% Corretto
Ho visto lei che bacia lui che bacia lei che bacia meMon Amour
85%
Generale queste cinque stelleGenerale
77%
Nonostante tu sia la mia rondine andata viaLa rondine
77%
Potessi dirti addio ti chiamereiSe telefonando
69%
Il prato è verde, più verde, più verdeCasa mia
65%
La mia collana non ha perle di saggezza
A me hanno dato le perline colorate
La noia
65%
Aiutami a sparire comeCenere
60%
Chissà se tu mi penserai se con gli amici parleraiLa solitudine
60%
Io e cinque garçons
Un Casio, tre moto e un casco intégral
Shakerando
60%
Prendi questa manoZingara
58%
Per me le cose sono due
Lacrime mie o lacrime tue
Due
52%
Non ci siamo mai detti le parole giuste
Se piovesse il tuo nome
48%
Amore mio, come farò
A rassegnarmi a vivere
Cinque giorni
46%
Siamo così e difficile spiegare certe giornate amareQuello che le donne non dicono
46%
Lui chi è ma perchè l'hai portato con teTriangolo
46%
Magari ti chiamerò trottolino amoroso dudu e dadadaVattene amore
42%
Io ed i miei occhi scuri siamo diventati grandi insiemeStrada Facendo
33%
a volte non so esprimermiBrividi
31%
Sono stata anch'io bambina
Di mio padre innamorata
Gli uomini non cambiano
31%
E lo faccio da parte, tu sei la mia voceVoce
31%
Che confusione il sabato
È quasi peggio di quello che dicono
Ma non tutta la vita
25%
Un brivido lungo la schiena
Un colpo che fa pieno centro
Ti sento
21%
Sento che non pioverà domaniDomani
8%

Distribuzione punteggi

Percentile per numero di risposta

Percentuale di utenti per punteggio

I tuoi punteggi nel tempo

Non hai fatto questo quiz